2D Shapes - Statistics

General Stats
  • This quiz has been taken 62 times
    56 since last reset
  • The average score is 17 of 28
Answer Stats
Picture Answer % Correct
Pentagon
91%
Hexagon
89%
Octagon
89%
Square
89%
Circle
86%
Rectangle
86%
Heptagon
83%
Semicircle
83%
Right Angle Triangle
80%
Equilateral Triangle
77%
Decagon
74%
Elipse
74%
Isosceles Triangle
71%
Parallelogram
71%
Nonagon
69%
Kite
63%
Scalene Triangle
63%
Lune
60%
Quarter Circle
54%
Dodecagon
49%
Trapezium
34%
Scalene Quadrilateral
31%
Rhombus
29%
Hendecagon
23%
Dart
17%
Sector
11%
Annulus
9%
Lens
9%
No matching quizzes found
Score Distribution
Percent of People with Each Score
Percentile by Number Answered
Your Score History
You have not taken this quiz since the last reset